000 01712nam a2200385Ia 4500
001 ebr10744764
003 CaPaEBR
006 m o u
007 cr cn|||||||||
008 130531s2013 cau s 100 0 eng d
010 _z 2013021008
020 _z0833080830 (pbk. : alk. paper)
020 _z9780833080837 (pbk. : alk. paper)
020 _z9780833080851 (ebook)
040 _aCaPaEBR
_cCaPaEBR
035 _a(OCoLC)846520516
050 1 4 _aHG4530
_b.D596 2012eb
100 1 _aDixon, Lloyd S.
245 1 0 _aHedge funds, systemic risk, and Dodd-Frank
_h[electronic resource] :
_bthe road ahead /
_cLloyd Dixon, Noreen Clancy, Krishna B. Kumar.
260 _aSanta Monica, CA :
_bRAND Corporation,
_c2013.
300 _aix, 11 p.
500 _a"RAND Center for Corporate Ethics and Governance."
500 _aProceedings of a Rand policy symposium, Washington D.C., September 24, 2012.
533 _aElectronic reproduction.
_bPalo Alto, Calif. :
_cebrary,
_d2013.
_nAvailable via World Wide Web.
_nAccess may be limited to ebrary affiliated libraries.
610 1 0 _aUnited States.
_tDodd-Frank Wall Street Reform and Consumer Protection Act
_vCongresses.
650 0 _aHedge funds
_xLaw and legislation
_zUnited States
_vCongresses.
650 0 _aHedge funds
_zUnited States
_vCongresses.
650 0 _aHedge funds
_zUnited States
_xManagement
_vCongresses.
655 7 _aElectronic books.
_2local
700 1 _aClancy, Noreen.
700 1 _aKumar, Krishna B.
710 2 _aRAND Center for Corporate Ethics and Governance.
710 2 _aebrary, Inc.
856 4 0 _uhttp://site.ebrary.com/lib/rucke/Doc?id=10744764
_zAn electronic book accessible through the World Wide Web; click to view
999 _c14040
_d14040